Solar System Bodies - Statistics

General Stats
  • This quiz has been taken 107 times
  • The average score is 37 of 125
Answer Stats
Type Answer % Correct
Star Sun
99%
Planet Jupiter
97%
Planet Uranus
97%
Planet Mars
96%
Planet Mercury
96%
Planet Saturn
96%
Planet Venus
96%
Planet Earth
94%
Planet Neptune
94%
Dwarf Planet Pluto
93%
Moon of Earth The Moon
93%
Moon of Jupiter Io
81%
Moon of Mars Phobos
77%
Moon of Jupiter Europa
75%
Moon of Saturn Titan
75%
Moon of Jupiter Ganymede
74%
Moon of Mars Deimos
72%
Dwarf Planet Ceres
68%
Moon of Pluto Charon
68%
Moon of Jupiter Callisto
67%
Dwarf Planet Makemake
62%
Dwarf Planet Eris
61%
Moon of Neptune Triton
61%
Comet Halley's Comet
59%
Dwarf Planet Haumea
52%
Moon of Uranus Titania
52%
Dwarf Planet Sedna
45%
Moon of Uranus Oberon
43%
Moon of Uranus Umbriel
43%
Moon of Pluto Nix
42%
Moon of Uranus Ariel
41%
Moon of Saturn Enceladus
41%
Moon of Saturn Iapetus
41%
Moon of Saturn Mimas
41%
Moon of Uranus Miranda
41%
Moon of Saturn Rhea
41%
Dwarf Planet Gonggong
38%
Moon of Saturn Tethys
38%
Moon of Pluto Styx
36%
Moon of Saturn Hyperion
35%
Moon of Saturn Dione
33%
Asteroid Vesta
33%
Dwarf Planet Quaoar
30%
Moon of Pluto Hydra
29%
Dwarf Planet Orcus
29%
Moon of Saturn Phoebe
29%
Asteroid Pallas
28%
Moon of Eris Dysnomia
26%
Dwarf Planet Salacia
26%
Moon of Haumea Hi'iaka
25%
Moon of Haumea Namaka
25%
Moon of Uranus Puck
25%
Moon of Pluto Kerberos
23%
Moon of Neptune Proteus
23%
Moon of Saturn Pan
20%
Moon of Saturn Prometheus
20%
Moon of Jupiter Amalthea
19%
Centaur Chiron
19%
Moon of Orcus Vanth
19%
Moon of Makemake MK2
17%
Moon of Neptune Nereid
17%
Moon of Salacia Actaea
16%
Comet Comet Hale-Bopp
16%
Asteroid Hygiea
16%
Moon of Uranus Juliet
16%
Moon of Jupiter Thebe
16%
Moon of Quaoar Weywot
16%
Moon of Gonggong Xiangliu
16%
Moon of Saturn Atlas
14%
Moon of Uranus Cupid
14%
Moon of Saturn Janus
14%
Moon of Neptune Larissa
14%
Moon of Jupiter Elara
13%
Moon of Neptune Halimede
13%
Moon of Neptune Hippocamp
13%
Moon of Saturn Pandora
13%
Moon of Uranus Bianca
12%
Moon of Neptune Despina
12%
Moon of Neptune Galatea
12%
Moon of Jupiter Metis
12%
Moon of Neptune Neso
12%
Moon of Neptune Sao
12%
Moon of Neptune Thalassa
12%
Moon of Saturn Calypso
10%
Moon of Jupiter Carme
10%
Centaur Chariklo
10%
Moon of Saturn Epimetheus
10%
Moon of Uranus Ferdinand
10%
Moon of Saturn Helene
10%
Moon of Jupiter Himalia
10%
Moon of Neptune Laomedeia
10%
Moon of Uranus Mab
10%
Moon of Neptune Naiad
10%
Moon of Neptune Psamathe
10%
Moon of Jupiter Adrastea
9%
Moon of Uranus Cressida
9%
Moon of Uranus Francisco
9%
Moon of Uranus Ophelia
9%
Moon of Uranus Prospero
9%
Moon of Uranus Rosalind
9%
Moon of Uranus Sycorax
9%
Moon of Saturn Ymir
9%
Moon of Jupiter Ananke
7%
Moon of Uranus Belinda
7%
Moon of Jupiter Pasiphae
7%
Moon of Saturn Telesto
7%
Moon of Saturn Albiorix
6%
Moon of Uranus Cordelia
6%
Moon of Uranus Desdemona
6%
Moon of Saturn Kiviuq
6%
Moon of Jupiter Leda
6%
Moon of Uranus Margaret
6%
Moon of Uranus Perdita
6%
Moon of Jupiter Sinope
6%
Moon of Saturn Tarvos
6%
Moon of Uranus Trinculo
6%
Moon of Uranus Caliban
4%
Moon of Saturn Ijiraq
4%
Moon of Jupiter Lysithea
4%
Moon of Saturn Paaliaq
4%
Moon of Uranus Portia
4%
Moon of Uranus Setebos
4%
Moon of Saturn Siarnaq
4%
Moon of Saturn Erriapus
3%
Moon of Uranus Stephano
3%
No matching quizzes found
Score Distribution
Percent of People with Each Score
Percentile by Number Answered
Your Score History
You have not taken this quiz